|
|
|
|
| LEADER |
00702nam a22002052a 4500 |
| 001 |
001726856 |
| 003 |
CZ BrMZK |
| 005 |
20200309134244.0 |
| 007 |
ta |
| 008 |
200123s1965 xr er|||||||||||cze d |
| 040 |
|
|
|a BOA001
|b cze
|e aacr2
|
| 100 |
1 |
|
|a Pokorný, Jan,
|d 1928-2011
|7 jk01100050
|4 aut
|
| 245 |
1 |
0 |
|a Sdělení o jednotných mikrobiologických metodách rozboru vod.
|n Část 1. /
|c Jan Pokorný
|
| 260 |
|
|
|a Praha :
|b Ústav hygieny,
|c 1965
|
| 300 |
|
|
|a 22 s.
|
| 772 |
0 |
8 |
|i Samostatná příloha seriálu:
|t Acta hygienica,
|g č. 2/1965
|
| 910 |
|
|
|a BOA001
|b X2-0577.709
|
| 990 |
|
|
|a BK
|
| 991 |
|
|
|b 202001
|
| 996 |
6 |
|
|b 2618843022
|c X2-0577.709
|l MZK
|r Sklad / do 24 hodin
|n 0
|w 001778348
|u 000010
|a 1
|e BOA001
|j MZK50
|s P
|